000 00936nmm a2200289 a 4500
001 ocm0002146484
003 TR-IsHL
005 20201028183043.0
008 190311s2018 tu tur
007 cr cn
020 _a9786058176706
035 _a2146484
_b(N$T)
050 0 4 _aPL248.G463
_bA8 2018
090 0 4 _aPL248.G463
_bA8 2018
100 1 _aGençler, Başak Arya
245 1 0 _aAşıklar mahallesi
_h[electronic resource] /
_cBaşak Arya Gençler ; yayına hazırlayan Cansu Oğuz
250 _a1. Baskı
260 _aİstanbul :
_bTolstoy Yayıncılık,
_c2018
300 _a263 p.
650 4 _aDil ve Edebiyat
650 4 _aLanguage and Literature
650 0 _aTürk romanı
650 0 _aTurkish fiction
650 7 _aLITERARY COLLECTIONS / Middle Eastern
_2bisacsh
700 1 _aOğuz, Cansu
856 4 0 _uhttp://search.ebscohost.com/login.aspx?direct=true&scope=site&db=e011xww&AN=2146484
999 _c20356
_d20356